Totonacapan (Record no. 9243)

MARC details
000 -CABECERA
campo de control de longitud fija 00832nam a2200265 a 4500
001 - NÚMERO DE CONTROL
campo de control BRL_431
005 - FECHA Y HORA DE LA ÚLTIMA TRANSACCIÓN
campo de control 20190320210734.0
008 - DATOS DE LONGITUD FIJA--INFORMACIÓN GENERAL
campo de control de longitud fija 120813s1943----mx-h######---#000-0#spa-#
041 ## - CÓDIGO DE LENGUA
Código de lengua del texto/banda sonora o título independiente spa
044 ## - CÓDIGO DEL PAÍS DE LA ENTIDAD EDITORA/PRODUCTORA
Código MARC del país mx
050 #4 - SIGNATURA TOPOGRÁFICA DE LA BIBLIOTECA DEL CONGRESO
Número de clasificación F1219.T6
Número de documento/Ítem .M45 1943
100 1# - ENTRADA PRINCIPAL--NOMBRE DE PERSONA
Nombre de persona Melgarejo Vivanco, José Luis
9 (RLIN) 23893
245 10 - MENCIÓN DE TÍTULO
Título Totonacapan
Mención de responsabilidad, etc. José Luis Melgarejo Vivanco.
260 ## - PUBLICACIÓN, DISTRIBUCIÓN, ETC.
Lugar de publicación, distribución, etc. Xalapa, Ver.
Nombre del editor, distribuidor, etc. Talleres Gráficos del Gobierno del Estado
Fecha de publicación, distribución, etc. 1943
300 ## - DESCRIPCIÓN FÍSICA
Extensión 249 p.
Otras características físicas il. (algunas a color), mapas, planos
Dimensiones 23 cm.
500 ## - NOTA GENERAL
Nota general Incluye apéndice, 67 h.
500 ## - NOTA GENERAL
Nota general Estado físico: la hoja 11 del apéndice esta rota
500 ## - NOTA GENERAL
Nota general Au456
504 ## - NOTA DE BIBLIOGRAFÍA, ETC.
Nota de bibliografía, etc. Bibliografía: p. 237-249
650 14 - PUNTO DE ACCESO ADICIONAL DE MATERIA--TÉRMINO DE MATERIA
Término de materia o nombre geográfico como elemento de entrada Totonacos
9 (RLIN) 23894
651 #4 - PUNTO DE ACCESO ADICIONAL DE MATERIA--NOMBRE GEOGRÁFICO
Nombre geográfico México
Subdivisión general Historia
Subdivisión cronológica a 1519
9 (RLIN) 23305
651 #4 - PUNTO DE ACCESO ADICIONAL DE MATERIA--NOMBRE GEOGRÁFICO
Nombre geográfico México
Subdivisión general Antigüedades
9 (RLIN) 2765
902 ## - CATALOGADOR
Iniciales GRL
942 ## - ELEMENTOS DE PUNTO DE ACCESO ADICIONAL (KOHA)
Fuente del sistema de clasificación o colocación Library of Congress Classification
Tipo de ítem Koha Libros
Holdings
Estado de retiro Estado de pérdida Estado dañado No para préstamo Localización permanente Ubicación/localización actual Fecha de adquisición Número de inventario Total de préstamos Signatura topográfica completa Código de barras Fecha visto por última vez Precio válido a partir de Tipo de ítem Koha
El ejemplar forma parte de la colección y puede ser consultado según las políticas vigentes.       Biblioteca Centro de Estudios Ruth D. Lechuga Biblioteca Centro de Estudios Ruth D. Lechuga 12/08/2013 Au456   F1219.T6 .M45 1943 (Au456) GRL00461 22/03/2019 22/03/2019 Libros